| 000 | 00415nam a22001457a 4500 | ||
|---|---|---|---|
| 003 | LK-CoDNM | ||
| 005 | 20240809092822.0 | ||
| 008 | 240809b |||||||| |||| 00| 0 eng d | ||
| 040 |
_aLK-CoDNM _dLK-CoDNM _eLK-CoDNM |
||
| 080 | _bGP1955st-Vol.4 | ||
| 245 | _aParliamentary debates-House of representatives official report | ||
| 260 |
_aColombo _bGovernment press _c1955 |
||
| 300 | _bv, 142p. ; 24 cm | ||
| 942 | _cBK | ||
| 999 |
_c146800 _d146800 |
||